| 000 | 00669nam a2200253Ia 4500 | ||
|---|---|---|---|
| 001 | 4048 | ||
| 005 | 20240113233709.0 | ||
| 007 | ta | ||
| 008 | 050607s1994 a g b000 u asm u | ||
| 020 | _a81-7339-047-9 | ||
| 040 | _aCotton College,Assam | ||
| 041 | _aasm | ||
| 082 |
_a891.414 _bDu 95 Ro |
||
| 100 | _aDutta, Harendranath . | ||
| 245 | 0 |
_aRomanticism Aru Geetimanash / _cHarendranath Dutta. _hTextual Documents |
|
| 250 | _a1st ed. / | ||
| 260 |
_aGuwahati : _bBanalata , _c1994. |
||
| 300 |
_a284p. : _bill. ; _c22cm . |
||
| 653 | _aAssamese Essays | ||
| 653 | _aPG-Assamese | ||
| 942 |
_2ddc _cBK |
||
| 999 |
_c4036 _d4036 |
||